000 00590nam a2200229Ia 4500
003 OSt
005 20220924134530.0
006 a|||||r|||| 00| 0
007 ta
008 220923b |||||||| |||| 00| 0 urd d
024 _a276214
037 _cTextual
040 _aARTS
_cARTS
_burd
041 _2urd
_aurd
082 _aO168,1M37,1, J3;K8
100 _aQureshi Wahid
_9208622
245 0 _aMuqaddamah-e- shero-o- shairi
260 _c1968
650 _aURDU POETRY
942 _hO168,1M37,1, J3;K8
_cTEXL
_2CC
999 _c437652
_d437652